| 000 | 00882nam a2200265 a 4500 | ||
|---|---|---|---|
| 001 | BRCA_3627 | ||
| 005 | 20190320204347.0 | ||
| 008 | 250809s1960----ag a---###---#000-0#spa-# | ||
| 041 | _aspa | ||
| 044 | _aag | ||
| 050 | 4 |
_aNK7112.5 _b.M86 1960 |
|
| 100 | 1 |
_aMuniz Barreto, Gustavo _99407 |
|
| 245 | 1 | 0 |
_aColección Gustavo Muniz-Barreto _bplatería colonial _ctexto y clasificación por Antonio Pérez-Valiente de Moctezuma. |
| 260 |
_aBuenos Aires _bPlantie Talleres Gráficos _c1960 |
||
| 300 |
_a198 p. _bil. _c27 cm. |
||
| 500 | _aEjemplar numerado 302 de 500 | ||
| 500 | _aB299 | ||
| 650 | 1 | 4 |
_aPlatería _xHispanoaméricana _99408 |
| 650 | 1 | 4 |
_aPlatería _xColecciones particulares _99230 |
| 650 | 1 | 4 |
_aPlatería _xHistoria _92975 |
| 650 | 1 | 4 |
_aColeccionistas y colecciones _99409 |
| 700 | 1 |
_aPérez Valiente de Moctezuma, Antonio _99410 |
|
| 902 | _aGFM | ||
| 942 |
_2lcc _cB |
||
| 999 |
_c3362 _d3362 |
||